000 01436nam a2200265Ia 4500
003 Ost
005 20260507074908.0
008 260507s9999||||xx |||||||||||||| ||und||
020 _a×995706312
040 _cfsecg
041 _aara
082 _a1.6
100 _aالفواعرة، حامد جاسم
_eمؤلف
245 0 _aالصيغة الحديثة في كتابة التقارير لطلبة تكنولوجيا المعلومات /
_c حامد جاسم الفواعرة
260 _aعمان:
_bدار المسيرة للنشر والتوزيع,
_c2007
300 _a192 صفحة؛
_bإيضاحات ؛
_c25 سم
504 _aقاموس المصطلحات ص.183 ببليوغرافيا: ص.191
520 _aمقدمة في أداة الروس، هندسة البرمجيات في أنجاز المشروع، حالة دراسية بإستخدام اللغة الموحدةUML، موارد المعلومات وطرق البحث، مراحل كتابة تقرير المشروع والبحث، صيغة تقرير مشروع التخرج، عرض المشروع، أهم الأسئلة والإجابة عليها
653 _aأساليب البحث
653 _aتكنولوجيا المعلومات
653 _aكتابة التقارير
653 _aنظم المعلومات- المؤسسة الممتدة
700 _aالسوادي، حمزة عباس
_eمؤلف ثانوي
942 _cكتاب
999 _c41715
_d41715